000 00405pab a2200157 454500
008 180718b1995 xxu||||| |||| 00| 0 eng d
100 _aDhawan, B.D.
245 _aMagnitude of groundwater exploitation.
260 _c1995
300 _ap.769-75
362 _a8 Apr
650 _aWater, Underground - India
650 _aIrrigation - India
773 _aEconomic and Political Weekly
909 _a28509
999 _c28509
_d28509